[Event "Gibtelecom ChallWk2 5th"]
[Site "Gibraltar"]
[Date "2007.01.29"]
[Round "2.7"]
[White "Jameson, David"]
[Black "Vinas Guerrero, Carlos A"]
[Result "1/2-1/2"]
[WhiteElo "1972"]
[BlackElo "2124"]
[PlyCount "117"]
[EventDate "2007.01.28"]
[EventType "swiss"]
[EventRounds "5"]
[EventCountry "GGB"]
[SourceTitle "BritBase"]
[Source "www.saund.co.uk"]
[SourceDate "2018.02.10"]
[SourceVersion "1"]
[SourceVersionDate "2018.02.10"]
[SourceQuality "1"]

1. e4 c5 2. Nf3 d6 3. d4 cxd4 4. Nxd4 Nf6 5. Nc3 a6 6. Be2 e5 7. Nb3 Be7 8. O-O
O-O 9. Kh1 b6 10. Be3 Nbd7 11. f3 Bb7 12. Qd2 Qc7 13. Rfd1 Rfd8 14. Qe1 b5 15.
a3 d5 16. exd5 Nb6 17. Bxb6 Qxb6 18. Bd3 Nxd5 19. Nxd5 Rxd5 20. Be4 Rxd1 21.
Rxd1 Bxe4 22. Qxe4 Rd8 23. Rxd8+ Qxd8 24. h3 g6 25. Kh2 Qd6 26. Qd3 Qc7 27. g3
h5 28. Kg2 h4 29. Nd2 hxg3 30. Ne4 Kg7 31. Qc3 Qxc3 32. Nxc3 Bg5 33. b3 Bf4 34.
Nd5 Kf8 35. Nc7 e4 36. Nxa6 e3 37. Nb4 e2 38. Nd3 Ke7 39. c4 bxc4 40. bxc4 Kd7
41. h4 Kc6 42. Kh3 Kb6 43. Kg2 f5 44. Kh3 Ka5 45. Kg2 Ka4 46. Kh3 Kxa3 47. c5
Bc7 48. f4 Bxf4 49. Kg2 Ka4 50. Kf3 Bd2 51. c6 Ba5 52. Kxg3 e1=Q+ 53. Nxe1
Bxe1+ 54. Kf4 Ba5 55. h5 gxh5 56. Kxf5 h4 57. Kg4 Bd8 58. c7 Bxc7 59. Kxh4
1/2-1/2

[Event "Gibtelecom ChallWk2 5th"]
[Site "Gibraltar"]
[Date "2007.01.29"]
[Round "2.8"]
[White "Agdestein, Emil"]
[Black "Schmidt, Raul"]
[Result "1-0"]
[WhiteElo "2116"]
[BlackElo "1979"]
[PlyCount "80"]
[EventDate "2007.01.28"]
[EventType "swiss"]
[EventRounds "5"]
[EventCountry "GGB"]
[SourceTitle "BritBase"]
[Source "www.saund.co.uk"]
[SourceDate "2018.02.10"]
[SourceVersion "1"]
[SourceVersionDate "2018.02.10"]
[SourceQuality "1"]

1. e4 e6 2. d4 d5 3. Bd3 dxe4 4. Bxe4 Nf6 5. Bf3 c5 6. Ne2 Nc6 7. Be3 e5 8.
Bxc6+ bxc6 9. dxe5 Qxd1+ 10. Kxd1 Ng4 11. Nd2 Ba6 12. Nf3 O-O-O+ 13. Ke1 Re8
14. b3 c4 15. c3 c5 16. Bf4 f6 17. h3 fxe5 18. Bg3 Nf6 19. Nd2 Bb7 20. Kf1 cxb3
21. axb3 Bd6 22. Rxa7 Bc7 23. Kg1 Rhf8 24. Ra1 Nh5 25. Nc4 Nf4 26. Nxf4 exf4
27. Bh4 g5 28. Bxg5 Rg8 29. Bh4 Rxg2+ 30. Kf1 Rg6 31. Rg1 Rh6 32. Bg5 Rxh3 33.
Re1 Rg8 34. f3 Rxf3+ 35. Ke2 Rxc3 36. Nd2 Re8+ 37. Kd1 Rce3 38. Ref1 Rd3 39.
Kc2 Red8 40. Nc4 Rh3 1-0

[Event "Gibtelecom ChallWk2 5th"]
[Site "Gibraltar"]
[Date "2007.01.29"]
[Round "2.9"]
[White "Hauptmann, Thomas"]
[Black "Urbina Perez, Juan Antonio"]
[Result "1/2-1/2"]
[WhiteElo "2046"]
[BlackElo "2114"]
[PlyCount "80"]
[EventDate "2007.01.28"]
[EventType "swiss"]
[EventRounds "5"]
[EventCountry "GGB"]
[SourceTitle "BritBase"]
[Source "www.saund.co.uk"]
[SourceDate "2018.02.10"]
[SourceVersion "1"]
[SourceVersionDate "2018.02.10"]
[SourceQuality "1"]

1. e4 c5 2. Nf3 d6 3. d4 cxd4 4. Qxd4 Nc6 5. Bb5 Bd7 6. Bxc6 Bxc6 7. Nc3 Nf6 8.
Bg5 e6 9. O-O-O Be7 10. Rhe1 Qa5 11. Kb1 O-O 12. Qd2 Rfd8 13. Nd4 Rac8 14. f3
b5 15. Nd5 Qxd2 16. Nxe7+ Kf8 17. Rxd2 Kxe7 18. Red1 h6 19. Bh4 g5 20. Bf2 a6
21. h4 Nd7 22. hxg5 hxg5 23. Be3 Rg8 24. Nxc6+ Rxc6 25. Rh1 Nf6 26. g4 e5 27.
c3 Nd7 28. Rh5 f6 29. Rh7+ Ke6 30. Rdh2 Rcc8 31. a3 Rcf8 32. Kc2 Rf7 33. Kb3
Rxh7 34. Rxh7 a5 35. a4 Rb8 36. axb5 Rxb5+ 37. Ka3 Rb7 38. Rh8 Nb8 39. Re8+ Kd7
40. Rf8 Ke7 1/2-1/2

[Event "Gibtelecom ChallWk2 5th"]
[Site "Gibraltar"]
[Date "2007.01.29"]
[Round "2.10"]
[White "Nemcova, Katerina"]
[Black "Helin, Mikael"]
[Result "1-0"]
[WhiteElo "2147"]
[BlackElo "1951"]
[PlyCount "95"]
[EventDate "2007.01.28"]
[EventType "swiss"]
[EventRounds "5"]
[EventCountry "GGB"]
[SourceTitle "BritBase"]
[Source "www.saund.co.uk"]
[SourceDate "2018.02.10"]
[SourceVersion "1"]
[SourceVersionDate "2018.02.10"]
[SourceQuality "1"]

1. e4 g6 2. d4 Bg7 3. Nc3 a6 4. Be3 d6 5. Qd2 h6 6. h3 e6 7. O-O-O b5 8. g4 Bb7
9. Bg2 Nd7 10. f4 Nb6 11. b3 Ne7 12. h4 b4 13. Nb1 f5 14. h5 fxe4 15. Ne2 Nbd5
16. Bxe4 a5 17. Qd3 a4 18. f5 axb3 19. cxb3 Rxa2 20. fxe6 Qb8 21. Bxg6+ Kd8 22.
Bd2 Qa7 23. Qb5 c6 24. Qd3 Ba6 25. Qg3 Kc7 26. Bxb4 Nxb4 27. Nec3 Nxg6 28. Nxa2
Nxa2+ 29. Kb2 Ne7 30. Qf4 Rf8 31. Qd2 Bb5 32. Na3 Qa6 33. Ra1 c5 34. Rxa2 Bxd4+
35. Kc1 Bc6 36. Nc4 Ra8 37. Rxa6 Rxa6 38. Qf4 Bxh1 39. Qf7 Kc6 40. Qxe7 Kb5 41.
Qh7 Ra2 42. e7 Bc6 43. e8=Q Kb4 44. Qxc6 Rf2 45. Qa4+ Kc3 46. Qa1+ Kxb3 47.
Qd3+ Kb4 48. Qa5# 1-0

[Event "Gibtelecom ChallWk2 5th"]
[Site "Gibraltar"]
[Date "2007.01.29"]
[Round "2.11"]
[White "Yarur Elsaca, Daniel"]
[Black "Dekker, Alain"]
[Result "0-1"]
[WhiteElo "1913"]
[BlackElo "2144"]
[PlyCount "56"]
[EventDate "2007.01.28"]
[EventType "swiss"]
[EventRounds "5"]
[EventCountry "GGB"]
[SourceTitle "BritBase"]
[Source "www.saund.co.uk"]
[SourceDate "2018.02.10"]
[SourceVersion "1"]
[SourceVersionDate "2018.02.10"]
[SourceQuality "1"]

1. e4 c5 2. Nf3 d6 3. d4 cxd4 4. Nxd4 Nf6 5. Nc3 a6 6. Be3 e6 7. f3 Be7 8. Qd2
Qc7 9. g4 b5 10. g5 Nfd7 11. O-O-O Nc6 12. h4 Nde5 13. h5 Bd7 14. f4 b4 15.
fxe5 bxc3 16. Qxc3 dxe5 17. Nf3 O-O 18. Qd2 Rad8 19. Qh2 Nb4 20. Kb1 Ba4 21.
Bd3 Rxd3 22. cxd3 Bc2+ 23. Ka1 Nxa2 24. Bd2 Qc6 25. Nxe5 Qa4 26. Nc4 Nc1+ 27.
Na3 Bxa3 28. Rxc1 Bd6# 0-1

[Event "Gibtelecom ChallWk2 5th"]
[Site "Gibraltar"]
[Date "2007.01.29"]
[Round "2.12"]
[White "Kvisla, Johannes Luangtep"]
[Black "Millward, Kevin"]
[Result "1-0"]
[WhiteElo "2134"]
[BlackElo "1744"]
[PlyCount "113"]
[EventDate "2007.01.28"]
[EventType "swiss"]
[EventRounds "5"]
[EventCountry "GGB"]
[SourceTitle "BritBase"]
[Source "www.saund.co.uk"]
[SourceDate "2018.02.10"]
[SourceVersion "1"]
[SourceVersionDate "2018.02.10"]
[SourceQuality "1"]

1. Nf3 d5 2. c4 Nf6 3. cxd5 Nxd5 4. Nc3 Nxc3 5. bxc3 c5 6. g3 Nc6 7. Bg2 g6 8.
Qa4 Bd7 9. Qh4 e5 10. Qxd8+ Rxd8 11. Rb1 b6 12. d3 Bg7 13. Nd2 Ne7 14. O-O O-O
15. Ne4 Bc6 16. c4 f5 17. Ng5 Rd6 18. Bb2 Bxg2 19. Kxg2 h6 20. Nh3 e4 21. Bxg7
Kxg7 22. dxe4 fxe4 23. Rb3 g5 24. Re3 Rd4 25. Rc1 Nf5 26. Ra3 Rf7 27. Rc2 Rfd7
28. g4 Nd6 29. Rac3 Nf7 30. f3 exf3+ 31. exf3 Rd2+ 32. Kg3 Rxc2 33. Rxc2 Rd4
34. f4 Kg6 35. f5+ Kf6 36. Nf2 Ne5 37. Re2 Nxc4 38. Re6+ Kf7 39. Rxh6 Rd2 40.
Rh7+ Kg8 41. Rxa7 Ne3 42. Kf3 Nd5 43. Rd7 c4 44. Ne4 Rd3+ 45. Kf2 Nf4 46. Rxd3
Nxd3+ 47. Ke3 Nc1 48. a4 Nd3 49. Nxg5 Ne5 50. h3 c3 51. Ne4 Nc4+ 52. Kd3 Nb2+
53. Kxc3 Nxa4+ 54. Kb4 Nb2 55. Kb5 Nd3 56. Kxb6 Nf4 57. Nf2 1-0

[Event "Gibtelecom ChallWk2 5th"]
[Site "Gibraltar"]
[Date "2007.01.29"]
[Round "2.13"]
[White "Beltran Medina, Jorge"]
[Black "Galliano, Alex"]
[Result "1/2-1/2"]
[WhiteElo "2104"]
[BlackElo "1300"]
[PlyCount "56"]
[EventDate "2007.01.28"]
[EventType "swiss"]
[EventRounds "5"]
[EventCountry "GGB"]
[SourceTitle "BritBase"]
[Source "www.saund.co.uk"]
[SourceDate "2018.02.10"]
[SourceVersion "1"]
[SourceVersionDate "2018.02.10"]
[SourceQuality "1"]

1. d4 Nf6 2. c4 g6 3. Nc3 Bg7 4. e4 d6 5. f3 O-O 6. Be3 e5 7. d5 c6 8. Bd3 cxd5
9. cxd5 a6 10. Nge2 b5 11. b4 Nh5 12. O-O f5 13. exf5 gxf5 14. Rc1 Qh4 15. f4
e4 16. Bb1 Nf6 17. h3 Kh8 18. a4 Bd7 19. axb5 axb5 20. Nd4 Na6 21. Ndxb5 Bxb5
22. Nxb5 Nxb4 23. Nxd6 Nfxd5 24. Bc5 Nxf4 25. Bxb4 Nxh3+ 26. gxh3 Qg3+ 27. Kh1
Qxh3+ 28. Kg1 Qg3+ 1/2-1/2

[Event "Gibtelecom ChallWk2 5th"]
[Site "Gibraltar"]
[Date "2007.01.29"]
[Round "2.15"]
[White "De La Rubia Ramirez, Dulce"]
[Black "Hickman, John E"]
[Result "1/2-1/2"]
[WhiteElo "1852"]
[BlackElo "2052"]
[PlyCount "80"]
[EventDate "2007.01.28"]
[EventType "swiss"]
[EventRounds "5"]
[EventCountry "GGB"]
[SourceTitle "BritBase"]
[Source "www.saund.co.uk"]
[SourceDate "2018.02.10"]
[SourceVersion "1"]
[SourceVersionDate "2018.02.10"]
[SourceQuality "1"]

1. e4 d6 2. d4 Nf6 3. Nc3 g6 4. Nf3 Bg7 5. Bd3 Bg4 6. O-O O-O 7. h3 Bxf3 8.
Qxf3 Nc6 9. Be3 Nd7 10. Ne2 Nb4 11. Bd2 Nxd3 12. Qxd3 c5 13. c3 Qb6 14. Be3
Rac8 15. b3 Qa5 16. a4 Rc7 17. Qb5 Qb6 18. Rac1 Qxb5 19. axb5 cxd4 20. cxd4
Rfc8 21. Rxc7 Rxc7 22. Rc1 Rxc1+ 23. Bxc1 Kf8 24. f4 Nb6 25. Kf2 Ke8 26. Ke3
Kd7 27. g4 d5 28. e5 f6 29. Ba3 fxe5 30. fxe5 Bh6+ 31. Kd3 Bg5 32. Nc3 e6 33.
Ke2 Be7 34. Bxe7 Kxe7 35. Kf3 g5 36. Ne2 Kd7 37. Ng3 Kc7 38. Nh5 Nd7 39. Ng7
Nf8 40. Ne8+ Kb6 1/2-1/2

[Event "Gibtelecom ChallWk2 5th"]
[Site "Gibraltar"]
[Date "2007.01.29"]
[Round "2.16"]
[White "Garcia, Mario"]
[Black "Strand, Haakon"]
[Result "1-0"]
[WhiteElo "1424"]
[BlackElo "2015"]
[PlyCount "37"]
[EventDate "2007.01.28"]
[EventType "swiss"]
[EventRounds "5"]
[EventCountry "GGB"]
[SourceTitle "BritBase"]
[Source "www.saund.co.uk"]
[SourceDate "2018.02.10"]
[SourceVersion "1"]
[SourceVersionDate "2018.02.10"]
[SourceQuality "1"]

1. e4 c5 2. Nf3 Nc6 3. d4 cxd4 4. Nxd4 Nf6 5. Nc3 e5 6. Nxc6 bxc6 7. Bc4 Be7 8.
Bb3 Bb7 9. Bg5 O-O 10. O-O h6 11. Bh4 Nd5 12. Bxe7 Nxe7 13. Qd6 Re8 14. Rad1
Bc8 15. Qxe5 Nd5 16. Qh5 g6 17. Qxh6 Ne7 18. Rd6 Qc7 19. Bxf7+ 1-0

[Event "Gibtelecom ChallWk2 5th"]
[Site "Gibraltar"]
[Date "2007.01.29"]
[Round "2.17"]
[White "Gravett, Alan D"]
[Black "Osuna Vega, Enrique"]
[Result "0-1"]
[WhiteElo "1869"]
[BlackElo "2177"]
[PlyCount "46"]
[EventDate "2007.01.28"]
[EventType "swiss"]
[EventRounds "5"]
[EventCountry "GGB"]
[SourceTitle "BritBase"]
[Source "www.saund.co.uk"]
[SourceDate "2018.02.10"]
[SourceVersion "1"]
[SourceVersionDate "2018.02.10"]
[SourceQuality "1"]

1. g3 d5 2. Nf3 c5 3. Bg2 Nc6 4. O-O e5 5. d3 Be7 6. e4 d4 7. Nbd2 Be6 8. h3
Qd7 9. Kh2 g5 10. Nxg5 Bxg5 11. f4 exf4 12. gxf4 Qc7 13. e5 Be7 14. Ne4 Nh6 15.
Ng3 Nf5 16. Nxf5 Bxf5 17. Qh5 Bg6 18. Qh6 Bf8 19. Qg5 h6 20. Qg3 Bf5 21. Bf3
O-O-O 22. Bg4 Qd7 23. Bd2 h5 0-1

[Event "Gibtelecom ChallWk2 5th"]
[Site "Gibraltar"]
[Date "2007.01.29"]
[Round "2.18"]
[White "Nyland, Thomas"]
[Black "Sbia, Bachir"]
[Result "1-0"]
[WhiteElo "2124"]
[BlackElo "1914"]
[PlyCount "85"]
[EventDate "2007.01.28"]
[EventType "swiss"]
[EventRounds "5"]
[EventCountry "GGB"]
[SourceTitle "BritBase"]
[Source "www.saund.co.uk"]
[SourceDate "2018.02.10"]
[SourceVersion "1"]
[SourceVersionDate "2018.02.10"]
[SourceQuality "1"]

1. d4 Nf6 2. c4 e6 3. Nc3 Bb4 4. Qc2 c5 5. dxc5 Na6 6. a3 Bxc3+ 7. Qxc3 Nxc5 8.
Bg5 Nce4 9. Bxf6 gxf6 10. Qd4 Qa5+ 11. b4 Qe5 12. Nf3 Qxd4 13. Nxd4 e5 14. Nb5
Ke7 15. g3 d6 16. Nc7 Rb8 17. Nd5+ Ke6 18. f3 f5 19. fxe4 fxe4 20. Bh3+ f5 21.
Ne3 Ke7 22. Bxf5 Bxf5 23. Nxf5+ Ke6 24. Ne3 b5 25. c5 d5 26. Rc1 d4 27. Ng2 Kd5
28. e3 Rhf8 29. Rf1 Rf3 30. Rxf3 exf3 31. Nh4 Ke4 32. exd4 exd4 33. Nxf3 Kxf3
34. Kd2 Ke4 35. c6 a6 36. c7 Rc8 37. Rc5 d3 38. Rc3 h6 39. g4 Kf4 40. Kxd3 Kxg4
41. Kd4 Kf5 42. Kd5 Kf6 43. Kd6 1-0

[Event "Gibtelecom ChallWk2 5th"]
[Site "Gibraltar"]
[Date "2007.01.29"]
[Round "2.19"]
[White "Fellousi, Abdelaziz"]
[Black "Mayers, Dan"]
[Result "1-0"]
[WhiteElo "2118"]
[BlackElo "1965"]
[PlyCount "33"]
[EventDate "2007.01.28"]
[EventType "swiss"]
[EventRounds "5"]
[EventCountry "GGB"]
[SourceTitle "BritBase"]
[Source "www.saund.co.uk"]
[SourceDate "2018.02.10"]
[SourceVersion "1"]
[SourceVersionDate "2018.02.10"]
[SourceQuality "1"]

1. e4 e6 2. d4 d5 3. e5 Ne7 4. Nf3 c5 5. c3 Nbc6 6. Be2 Nf5 7. b3 cxd4 8. cxd4
Bb4+ 9. Kf1 O-O 10. h4 Be7 11. g3 Bd7 12. Bd2 Rc8 13. Nc3 f6 14. Kg2 fxe5 15.
dxe5 d4 16. Ne4 Nb4 {remaining moves illegible} 17. Nxd4 1-0

[Event "Gibtelecom ChallWk2 5th"]
[Site "Gibraltar"]
[Date "2007.01.29"]
[Round "2.20"]
[White "Sharp, Dale"]
[Black "Joseph, Adrian P"]
[Result "0-1"]
[WhiteElo "2085"]
[BlackElo "1672"]
[PlyCount "96"]
[EventDate "2007.01.28"]
[EventType "swiss"]
[EventRounds "5"]
[EventCountry "GGB"]
[SourceTitle "BritBase"]
[Source "www.saund.co.uk"]
[SourceDate "2018.02.10"]
[SourceVersion "1"]
[SourceVersionDate "2018.02.10"]
[SourceQuality "1"]

1. e4 Nf6 2. e5 Nd5 3. d4 d6 4. c4 Nb6 5. f4 dxe5 6. fxe5 g6 7. Be3 Bg7 8. Nf3
O-O 9. Be2 c5 10. d5 Bg4 11. Nc3 Bxf3 12. Bxf3 Nxc4 13. Bxc5 Nd7 14. Bd4 Ndxe5
15. O-O e6 16. Bc5 Re8 17. dxe6 fxe6 18. Qe2 Nd2 19. Bxb7 Nxf1 20. Bxa8 Nxh2
21. Kxh2 Qc7 22. g3 Qxc5 23. Bg2 Qc4 24. Re1 Qxe2 25. Rxe2 Ng4+ 26. Kh3 Bxc3
27. Kxg4 Bd4 28. Bd5 Kf7 29. Bc4 Kf6 30. b3 e5 31. Bd5 h5+ 32. Kf3 g5 33. Ke4
Rf8 34. Rh2 Kg6 35. Rc2 h4 36. gxh4 gxh4 37. Rg2+ Kh6 38. Rg4 Kh5 39. Be6 h3
40. Rg7 Rf4+ 41. Kd5 Rh4 42. Kc4 h2 43. Bd5 Bg1+ 44. Kb5 Rd4 45. Bh1 e4 46.
Rxa7 Rd5+ 47. Kc4 Bxa7 48. Kxd5 e3 0-1

[Event "Gibtelecom ChallWk2 5th"]
[Site "Gibraltar"]
[Date "2007.01.29"]
[Round "2.21"]
[White "Morris-Hill, Ray"]
[Black "Pettersen, Joar Gullestad"]
[Result "1-0"]
[WhiteElo "1892"]
[BlackElo "2032"]
[PlyCount "105"]
[EventDate "2007.01.28"]
[EventType "swiss"]
[EventRounds "5"]
[EventCountry "GGB"]
[SourceTitle "BritBase"]
[Source "www.saund.co.uk"]
[SourceDate "2018.02.10"]
[SourceVersion "1"]
[SourceVersionDate "2018.02.10"]
[SourceQuality "1"]

1. d4 Nf6 2. Nf3 e6 3. e3 b6 4. Bd3 Bb7 5. O-O Ne4 6. Nfd2 Nxd2 7. Nxd2 Be7 8.
b3 O-O 9. Bb2 Nc6 10. a3 f5 11. c4 Bf6 12. Qc2 Qe8 13. Nf3 Ne7 14. e4 Qh5 15.
Qe2 Ng6 16. Ne5 Qxe2 17. Bxe2 Bxe5 18. dxe5 Bxe4 19. f3 Bc6 20. Rfd1 Rad8 21.
Rac1 d6 22. exd6 Rxd6 23. Rxd6 cxd6 24. b4 Rd8 25. b5 Bb7 26. a4 Ne5 27. Rd1
Ng6 28. a5 Ne7 29. axb6 axb6 30. Ba3 Nc8 31. c5 bxc5 32. Bxc5 Kf7 33. Bd4 Rd7
34. b6 e5 35. Bb5 Re7 36. Bf2 d5 37. Bc5 Re6 38. Bd7 Rf6 39. Bxc8 Bxc8 40. Rxd5
Kg6 41. Rxe5 Rf7 42. Kf2 Bb7 43. Ke3 Kf6 44. Re8 Rd7 45. Rf8+ Rf7 46. Rd8 g6
47. Rd6+ Kg7 48. Kf4 Ba8 49. Bd4+ Kh6 50. Bf6 Bb7 51. Ke5 Bc8 52. Rd8 Bb7 53.
Ke6 1-0

[Event "Gibtelecom ChallWk2 5th"]
[Site "Gibraltar"]
[Date "2007.01.29"]
[Round "2.22"]
[White "Dennis, Nigel W"]
[Black "Guardia Bencomo, Tomas"]
[Result "1/2-1/2"]
[WhiteElo "1998"]
[BlackElo "1900"]
[PlyCount "90"]
[EventDate "2007.01.28"]
[EventType "swiss"]
[EventRounds "5"]
[EventCountry "GGB"]
[SourceTitle "BritBase"]
[Source "www.saund.co.uk"]
[SourceDate "2018.02.10"]
[SourceVersion "1"]
[SourceVersionDate "2018.02.10"]
[SourceQuality "1"]

1. e4 c5 2. Nf3 d6 3. d4 cxd4 4. Nxd4 Nf6 5. Nc3 a6 6. Be2 e5 7. Nb3 Nc6 8. O-O
Be6 9. f4 Be7 10. f5 Bxb3 11. axb3 h5 12. Be3 Nb4 13. Nd5 Nbxd5 14. exd5 Rc8
15. c4 a5 16. Kh1 h4 17. b4 axb4 18. Qa4+ Kf8 19. Qxb4 Ne4 20. Rf3 Bg5 21. Kg1
Bxe3+ 22. Rxe3 Nc5 23. Qe1 h3 24. g4 Qb6 25. Qf2 Qxb2 26. Rf1 Qd4 27. Rd1 Qb2
28. f6 g6 29. g5 Ra8 30. Qg3 Ke8 31. Qg4 Kd8 32. Bf1 Ra3 33. Bxh3 Kc7 34. Qf3
Ra2 35. Qg2 Qxg2+ 36. Bxg2 Rh5 37. Rg3 Rh4 38. Rc1 Ra4 39. Rh3 Rxh3 40. Bxh3
Ne4 41. Bg2 Nxg5 42. c5 Nh7 43. cxd6+ Kxd6 44. Rb1 Nxf6 45. Rxb7 Nxd5 1/2-1/2

[Event "Gibtelecom ChallWk2 5th"]
[Site "Gibraltar"]
[Date "2007.01.29"]
[Round "2.23"]
[White "Manetto, Luis"]
[Black "Perez Romero, Carlos"]
[Result "1/2-1/2"]
[WhiteElo "1568"]
[BlackElo "2019"]
[PlyCount "115"]
[EventDate "2007.01.28"]
[EventType "swiss"]
[EventRounds "5"]
[EventCountry "GGB"]
[SourceTitle "BritBase"]
[Source "www.saund.co.uk"]
[SourceDate "2018.02.10"]
[SourceVersion "1"]
[SourceVersionDate "2018.02.10"]
[SourceQuality "1"]

1. e4 c5 2. Nf3 Nc6 3. d4 cxd4 4. Nxd4 g6 5. Be3 Bg7 6. Nc3 Nf6 7. Qd2 Ng4 8.
Nxc6 dxc6 9. Qxd8+ Kxd8 10. O-O-O+ Kc7 11. Bf4+ e5 12. Bg3 Be6 13. f3 Ne3 14.
Rd2 Nxf1 15. Rxf1 Bh6 16. Bxe5+ Kb6 17. f4 Rhe8 18. Na4+ Kb5 19. b3 b6 20. Rd6
Rac8 21. c4+ Bxc4 22. Nc3+ Kb4 23. bxc4 Rxe5 24. Kc2 Re7 25. a3+ Kxc4 26. g3
Kc5 27. e5 f5 28. Rb1 b5 29. Kd3 a5 30. Rc1 Rxe5 31. Rd7 b4 32. axb4+ axb4 33.
Ne2+ Kb5 34. fxe5 Bxc1 35. Nxc1 c5 36. Ne2 Ra8 37. Rb7+ Kc6 38. Rxh7 Kd5 39.
Nf4+ Kxe5 40. Nxg6+ Kf6 41. Nf4 Ra3+ 42. Kc4 Rc3+ 43. Kb5 Rc2 44. h4 b3 45.
Rh6+ Kf7 46. Ka4 c4 47. Rb6 b2 48. Nd5 c3 49. Rb3 Rc1 50. Nxc3 Rxc3 51. Rxb2
Rxg3 52. Rh2 Kg6 53. Kb5 Kh5 54. Rf2 Rg4 55. Kc5 f4 56. Kd4 Kxh4 57. Ke4 Kg3
58. Rf3+ 1/2-1/2

[Event "Gibtelecom ChallWk2 5th"]
[Site "Gibraltar"]
[Date "2007.01.29"]
[Round "2.24"]
[White "Murray, J Stephen"]
[Black "Feeney, James"]
[Result "1-0"]
[WhiteElo "2010"]
[BlackElo "1104"]
[PlyCount "31"]
[EventDate "2007.01.28"]
[EventType "swiss"]
[EventRounds "5"]
[EventCountry "GGB"]
[SourceTitle "BritBase"]
[Source "www.saund.co.uk"]
[SourceDate "2018.02.10"]
[SourceVersion "1"]
[SourceVersionDate "2018.02.10"]
[SourceQuality "1"]

1. e4 e5 2. Nf3 Nc6 3. Bc4 Nf6 4. d4 exd4 5. e5 d5 6. Bb5 Bb4+ 7. c3 dxc3 8.
bxc3 Bc5 9. exf6 Qxf6 10. O-O O-O 11. Qxd5 Qd6 12. Qxd6 cxd6 13. Ba3 Be6 14.
Bxc5 dxc5 15. Nbd2 Rac8 16. a3 1-0

[Event "Gibtelecom ChallWk2 5th"]
[Site "Gibraltar"]
[Date "2007.01.30"]
[Round "3.1"]
[White "Daoudi, Kamal"]
[Black "Menon, Shanker"]
[Result "1/2-1/2"]
[WhiteElo "2129"]
[BlackElo "2194"]
[PlyCount "102"]
[EventDate "2007.01.28"]
[EventType "swiss"]
[EventRounds "5"]
[EventCountry "GGB"]
[SourceTitle "BritBase"]
[Source "www.saund.co.uk"]
[SourceDate "2018.02.10"]
[SourceVersion "1"]
[SourceVersionDate "2018.02.10"]
[SourceQuality "1"]

1. e4 c5 2. Qh5 e6 3. f4 Nf6 4. Qf3 d5 5. d3 Nc6 6. c3 Be7 7. Ne2 b6 8. g4 dxe4
9. dxe4 g5 10. Na3 Bb7 11. Ng3 a6 12. Nc4 b5 13. fxg5 Nd7 14. Nh5 Rg8 15. Nd2
Bxg5 16. Be2 Nce5 17. Qh3 c4 18. Nf3 Nxf3+ 19. Qxf3 Ne5 20. Qh3 Bxe4 21. Rf1
Bh4+ 22. Ng3 Bd3 23. Rf4 Bxe2 24. Kxe2 Qd3+ 25. Kf2 Bg5 26. Re4 Qf3+ 27. Kg1
Qd1+ 28. Kg2 Bxc1 29. Rxe5 O-O-O 30. Ne2 Rd2 31. Qf3 Kb8 32. Kf2 h5 33. Qc6 Rd6
34. Rxb5+ axb5 35. Qxb5+ Kc7 36. Rxc1 Qd2 37. Qc5+ Rc6 38. Qxh5 Qd7 39. Qe5+
Kb7 40. Qb5+ Kc8 41. Nd4 Rc7 42. Qa6+ Kd8 43. Rd1 Ke8 44. Nxe6 Qxd1 45. Nxc7+
Kd7 46. Nb5 Qd2+ 47. Kf3 Qd5+ 48. Kf2 Rb8 49. a4 Qd2+ 50. Kf3 Qd5+ 51. Kf2 Qd2+
1/2-1/2

[Event "Gibtelecom ChallWk2 5th"]
[Site "Gibraltar"]
[Date "2007.01.30"]
[Round "3.2"]
[White "Compton, Alistair"]
[Black "Norman, Kenneth I"]
[Result "1/2-1/2"]
[WhiteElo "2093"]
[BlackElo "2151"]
[PlyCount "88"]
[EventDate "2007.01.28"]
[EventType "swiss"]
[EventRounds "5"]
[EventCountry "GGB"]
[SourceTitle "BritBase"]
[Source "www.saund.co.uk"]
[SourceDate "2018.02.10"]
[SourceVersion "1"]
[SourceVersionDate "2018.02.10"]
[SourceQuality "1"]

1. e4 e5 2. Nf3 Nc6 3. Nc3 Nf6 4. Bb5 Bb4 5. O-O O-O 6. d3 d6 7. Bg5 Bxc3 8.
bxc3 Qe7 9. d4 Nd8 10. d5 h6 11. Bh4 Bg4 12. h3 Bxf3 13. Qxf3 g5 14. Bg3 b6 15.
h4 Nb7 16. hxg5 hxg5 17. Qf5 Nh7 18. f3 Nc5 19. Bf2 Qf6 20. Qxf6 Nxf6 21. Bc6
Rad8 22. Be3 Nh7 23. g4 Kg7 24. Rfd1 f6 25. Rd2 Rh8 26. Rad1 Nd7 27. Bxd7 Rxd7
28. Rh2 Nf8 29. Rxh8 Kxh8 30. Kg2 Rh7 31. Bf2 Ng6 32. Bg3 Kg8 33. a4 a5 34. c4
Nf8 35. Rh1 Rxh1 36. Kxh1 Kf7 37. Kg2 Ng6 38. Kh3 Ke7 39. Kg2 Kd7 40. Kf2 Kc8
41. Ke2 Kb7 42. Kd3 c6 43. Bf2 Nf4+ 44. Kd2 c5 1/2-1/2

[Event "Gibtelecom ChallWk2 5th"]
[Site "Gibraltar"]
[Date "2007.01.30"]
[Round "3.3"]
[White "Vea, Odin Blikra"]
[Black "Dimitrijevic, Dragan"]
[Result "1-0"]
[WhiteElo "2147"]
[BlackElo "2037"]
[PlyCount "55"]
[EventDate "2007.01.28"]
[EventType "swiss"]
[EventRounds "5"]
[EventCountry "GGB"]
[SourceTitle "BritBase"]
[Source "www.saund.co.uk"]
[SourceDate "2018.02.10"]
[SourceVersion "1"]
[SourceVersionDate "2018.02.10"]
[SourceQuality "1"]

1. e4 Nf6 2. Nc3 d5 3. e5 Nfd7 4. d4 e6 5. f4 c5 6. Nf3 Nc6 7. Be3 Qb6 8. Bb5
cxd4 9. Nxd4 Bb4 10. O-O Bxc3 11. bxc3 Nxd4 12. Bxd7+ Bxd7 13. cxd4 Rc8 14. Rb1
Qa6 15. Qg4 g6 16. Qg5 h6 17. Qf6 Rg8 18. Bd2 Bb5 19. Bb4 Rc7 20. Rfe1 Qc6 21.
Bd6 Rd7 22. Rb3 Ba4 23. Rg3 Bxc2 24. h4 h5 25. Rc1 Qc4 26. Kh2 Rf8 27. Rf3 b5
28. Rf2 1-0